Do špeciálnej školy deti presúvajú pre peniaze polovica žiakov je v hmotnej núdzi

Bibliographic Details
Main Author: Sabo, Kristián (Author)
Format: Article
Language:Slovak
PhysicalDescription:Fotogr.
ISSN:1335-4566
Subjects:

MARC

LEADER 00000nab a2200000 a 4500
001 vtls009187358
003 SK-MaSNL
005 20260303043828.0
008 080228c20080226xo drz 0 0slo
038 |a KEVKJB 
040 |a KEVKJB  |b slo  |c KEVKJB  |e AACR2 
041 0 |a slo 
044 |a xo  |c SK 
080 |a 364.42  |2 2001 
080 |a 376.1  |2 2001 
100 1 |a Sabo, Kristián  |4 aut  |9 872655 
245 1 0 |a Do špeciálnej školy deti presúvajú pre peniaze  |b polovica žiakov je v hmotnej núdzi  |c Kristián Sabo 
300 |b Fotogr. 
610 2 7 |a Krajský školský úrad (Košice, Slovensko)  |2 kevkjb  |9 1020998 
650 0 7 |a hmotná núdza  |2 kevkjb  |9 79645 
650 0 7 |a špeciálne školy  |2 kevkjb  |9 60361 
650 0 7 |a motivačné príspevky  |2 kevkjb  |9 1031791 
651 7 |a Košice (Slovensko)  |2 kevkjb  |9 18694 
773 0 |t Košický Korzár  |g Roč. XI, č. 48 (26.2.2008), s. 4  |x 1335-4566 
852 |a KEVKJB  |b KIS3GCP 
999 |c 1698413  |d 1700343